[Event "Almunecar FEDC op 17th"]
[Site "Almunecar"]
[Date "2016.09.26"]
[Round "2"]
[White "Diaz Illescas, Juan Carlos"]
[Black "Bravo de los Santos, Francisco"]
[Result "1-0"]
[WhiteElo "1888"]
[BlackElo "1672"]
[PlyCount "73"]
[EventDate "2016.09.25"]
[EventType "swiss"]
[EventRounds "7"]
[EventCountry "ESP"]
[SourceTitle "EXT 2017"]
[Source "ChessBase"]
[SourceDate "2016.10.25"]
[SourceVersion "1"]
[SourceVersionDate "2016.10.25"]
[SourceQuality "1"]

1. e4 c5 2. Nc3 Nc6 3. f4 g6 4. Bc4 Bg7 5. Nf3 e6 6. f5 Nf6 7. fxe6 fxe6 8. d3 0-0 9. 0-0 a6 10. a4 d5 11. exd5 exd5 12. Bb3 Kh8 13. Bg5 Be6 14. Qe1 Bg8 15. Qh4 Qd6 16. Rad1 Rae8 17. Rfe1 Rxe1+ 18. Rxe1 b5 19. axb5 Nd4 20. Nxd4 cxd4 21. Nb1 axb5 22. Nd2 Nd7 23. Be7 Qf4 24. Qxf4 Rxf4 25. Nf3 h6 26. Bd6 Rf6 27. Bb4 Re6 28. Rxe6 Bxe6 29. Bd6 Kg8 30. Kf2 Kf7 31. h3 Bf6 32. g4 g5 33. Kg3 Kg6 34. Nd2 Ne5 35. Nb1 Kf7 36. Na3 Ke8 37. Nxb5 1-0

[Event "Benidorm FEDC op 14th"]
[Site "Benidorm"]
[Date "2014.06.14"]
[Round "7"]
[White "Diaz Illescas, Juan Carlos"]
[Black "Martinez Morina, Manel"]
[Result "1-0"]
[WhiteElo "1886"]
[BlackElo "1892"]
[PlyCount "53"]
[EventDate "2014.06.08"]
[EventType "swiss"]
[EventRounds "7"]
[EventCountry "ESP"]
[SourceTitle "EXT 2016"]
[Source "ChessBase"]
[SourceDate "2015.10.08"]
[SourceVersion "1"]
[SourceVersionDate "2015.10.08"]
[SourceQuality "1"]

1. e4 d5 2. exd5 Nf6 3. d4 Bg4 4. Nf3 Qxd5 5. Be2 Nc6 6. 0-0 0-0-0 7. c3 e6 8. Be3 Bd6 9. Nbd2 e5 10. c4 Qa5 11. d5 Nb8 12. a3 c5 13. b4 Qc7 14. bxc5 Bxc5 15. Bxc5 Qxc5 16. Ng5 Bxe2 17. Qxe2 Qc7 18. Rfc1 h6 19. Nge4 Qe7 20. Qe3 b6 21. a4 Na6 22. a5 Kb7 23. axb6 axb6 24. Nxf6 gxf6 25. Ne4 Rc8 26. Rab1 Nc5 27. d6 1-0

[Event "Benidorm FEDC op 14th"]
[Site "Benidorm"]
[Date "2014.06.10"]
[Round "3"]
[White "Diaz Illescas, Juan Carlos"]
[Black "Mondelo Fidalgo, Antonio"]
[Result "0-1"]
[WhiteElo "1886"]
[BlackElo "1743"]
[PlyCount "62"]
[EventDate "2014.06.08"]
[EventType "swiss"]
[EventRounds "7"]
[EventCountry "ESP"]
[SourceTitle "EXT 2016"]
[Source "ChessBase"]
[SourceDate "2015.10.08"]
[SourceVersion "1"]
[SourceVersionDate "2015.10.08"]
[SourceQuality "1"]

1. e4 e6 2. d4 d5 3. Nc3 dxe4 4. Nxe4 Bd7 5. Nf3 Bc6 6. Ng3 Nd7 7. Be2 Ngf6 8. 0-0 Be7 9. c3 0-0 10. Qc2 h6 11. Bd2 Bd6 12. Rad1 Re8 13. Rfe1 Qe7 14. c4 b6 15. a3 a5 16. Bc3 Bb7 17. Nd2 Bxg3 18. hxg3 Rad8 19. Bf3 Bxf3 20. Nxf3 Qf8 21. Qa4 Qd6 22. Ne5 Nb8 23. Nd3 Qc6 24. Qb3 a4 25. Qa2 Qd6 26. d5 Nbd7 27. dxe6 fxe6 28. Nf4 Qc6 29. Bxf6 gxf6 30. c5 Kf7 31. Rd6 cxd6 0-1

[Event "Valladolid Once-ch 23rd"]
[Site "Valladolid"]
[Date "2012.11.25"]
[Round "8"]
[White "Lococo Cobo, Nicola"]
[Black "Diaz Illescas, Juan Carlos"]
[Result "1-0"]
[WhiteElo "2067"]
[BlackElo "1898"]
[PlyCount "49"]
[EventDate "2012.11.18"]
[EventType "swiss"]
[EventRounds "8"]
[EventCountry "ESP"]
[SourceTitle "CBM 151 Extra"]
[Source "ChessBase"]
[SourceDate "2012.12.18"]
[SourceVersion "1"]
[SourceVersionDate "2012.12.18"]
[SourceQuality "1"]

1. d4 Nf6 2. Bg5 Ne4 3. Bf4 d5 4. f3 Nf6 5. e4 dxe4 6. Nc3 c6 7. Bc4 e6 8. fxe4 Bb4 9. Qd3 0-0 10. Nge2 c5 11. a3 cxd4 12. axb4 dxc3 13. Qxd8 Rxd8 14. Nxc3 Nc6 15. b5 Nh5 16. Bg5 f6 17. bxc6 fxg5 18. cxb7 Bxb7 19. Bxe6+ Kh8 20. Bd5 Bxd5 21. Nxd5 Re8 22. 0-0 Rxe4 23. Rxa7 Rc8 24. Re7 Rxe7 25. Nxe7 1-0

[Event "Valladolid Once-ch 23rd"]
[Site "Valladolid"]
[Date "2012.11.24"]
[Round "7"]
[White "Gutierrez Garcia, Julio"]
[Black "Diaz Illescas, Juan Carlos"]
[Result "0-1"]
[WhiteElo "1650"]
[BlackElo "1898"]
[PlyCount "58"]
[EventDate "2012.11.18"]
[EventType "swiss"]
[EventRounds "8"]
[EventCountry "ESP"]
[SourceTitle "CBM 151 Extra"]
[Source "ChessBase"]
[SourceDate "2012.12.18"]
[SourceVersion "1"]
[SourceVersionDate "2012.12.18"]
[SourceQuality "1"]

1. d4 Nf6 2. Nf3 c5 3. d5 d6 4. Nc3 g6 5. e4 Bg7 6. h3 0-0 7. Be2 Na6 8. 0-0 Nc7 9. a4 b6 10. Nd2 a6 11. Rb1 Bd7 12. b3 b5 13. axb5 axb5 14. Bf3 b4 15. Ne2 Ra2 16. Nc4 Qb8 17. Re1 Bb5 18. e5 Bxc4 19. exf6 Bxe2 20. Rxe2 Bxf6 21. Bh6 Re8 22. Re4 Nb5 23. Bd2 Nd4 24. Rc1 Nxf3+ 25. gxf3 Qc8 26. Kg2 Qf5 27. Rf4 Qxd5 28. Qe2 Rea8 29. Qe1 Bg5 0-1

[Event "Valladolid Once-ch 23rd"]
[Site "Valladolid"]
[Date "2012.11.20"]
[Round "3"]
[White "Llaneras Henarejos, Miguel"]
[Black "Diaz Illescas, Juan Carlos"]
[Result "1/2-1/2"]
[WhiteElo "1725"]
[BlackElo "1898"]
[PlyCount "49"]
[EventDate "2012.11.18"]
[EventType "swiss"]
[EventRounds "8"]
[EventCountry "ESP"]
[SourceTitle "CBM 151 Extra"]
[Source "ChessBase"]
[SourceDate "2012.12.18"]
[SourceVersion "1"]
[SourceVersionDate "2012.12.18"]
[SourceQuality "1"]

1. d4 Nf6 2. c4 c5 3. d5 d6 4. Nc3 g6 5. e4 Bg7 6. f3 Na6 7. Be3 Nc7 8. Qd2 e5 9. Bd3 0-0 10. Nge2 Bd7 11. g4 a6 12. Ng3 b5 13. Bh6 bxc4 14. Bxc4 Nb5 15. h4 Nd4 16. Kf2 Bxh6 17. Qxh6 Bxg4 18. Be2 Bh5 19. Rag1 Kh8 20. Nf5 Nxf5 21. exf5 Ng8 22. Qg5 Ne7 23. Qf6+ Kg8 24. Qg5 Kh8 25. Qf6+ 1/2-1/2

[Event "VEN-ch Expertos y Maestros"]
[Site "San Carlos"]
[Date "2012.06.21"]
[Round "4"]
[White "Diaz Illescas, Juan Carlos"]
[Black "Mora Moron, Jose Ramon"]
[Result "0-1"]
[WhiteElo "1886"]
[BlackElo "2124"]
[PlyCount "44"]
[EventDate "2012.06.19"]
[EventType "swiss"]
[EventRounds "9"]
[EventCountry "VEN"]
[SourceTitle "EXT 2015"]
[Source "ChessBase"]
[SourceDate "2014.11.20"]
[SourceVersion "1"]
[SourceVersionDate "2014.11.20"]
[SourceQuality "1"]

1. e4 c5 2. Nc3 e6 3. f4 Nc6 4. Nf3 d5 5. Bb5 a6 6. exd5 exd5 7. Qe2+ Be7 8. Bxc6+ bxc6 9. 0-0 Nf6 10. Re1 Bg4 11. h3 Bxf3 12. Qxf3 0-0 13. d3 Re8 14. Bd2 c4 15. Kh1 cxd3 16. Qxd3 a5 17. Qf3 Qb6 18. b3 Bb4 19. a3 Bxc3 20. Bxc3 Ne4 21. f5 Qc5 22. Re3 Nf2+ 0-1

[Event "Benidorm FEDC op 12th"]
[Site "Benidorm"]
[Date "2012.06.19"]
[Round "3"]
[White "Diaz Illescas, Juan Carlos"]
[Black "Bernabe Monteagudo, Francesc"]
[Result "0-1"]
[WhiteElo "1886"]
[BlackElo "1798"]
[PlyCount "44"]
[EventDate "2012.06.17"]
[EventType "swiss"]
[EventRounds "7"]
[EventCountry "ESP"]
[SourceTitle "EXT 2024"]
[Source "ChessBase"]
[SourceDate "2023.10.10"]
[SourceVersion "1"]
[SourceVersionDate "2023.10.10"]
[SourceQuality "1"]

1. e4 e6 2. d4 d5 3. Nc3 dxe4 4. Nxe4 Nd7 5. Nf3 Ngf6 6. Ng3 c5 7. dxc5 Bxc5 8. Bd3 Qc7 9. 0-0 b6 10. Ne4 Nxe4 11. Bxe4 Bb7 12. Qe2 a6 13. Bg5 0-0 14. Rad1 Rfe8 15. Bh4 f5 16. Bxb7 Qxb7 17. Ng5 Nf8 18. Bg3 h6 19. Nf3 g5 20. Be5 Ng6 21. Bd4 g4 22. Ne5 Nf4 0-1

[Event "ESP-ch blind 22nd"]
[Site "Benidorm"]
[Date "2010.11.16"]
[Round "3"]
[White "Diaz Illescas, Juan Carlos"]
[Black "Fernandez Lago, David"]
[Result "0-1"]
[WhiteElo "1906"]
[BlackElo "2008"]
[PlyCount "50"]
[EventDate "2010.11.14"]
[EventType "swiss"]
[EventRounds "8"]
[EventCountry "ESP"]
[SourceTitle "CBM 139 Extra"]
[Source "ChessBase"]
[SourceDate "2011.01.05"]
[SourceVersion "1"]
[SourceVersionDate "2011.01.05"]
[SourceQuality "1"]

1. e4 c5 2. Nc3 Nc6 3. f4 g6 4. Nf3 Bg7 5. Bc4 e6 6. f5 Nge7 7. fxe6 dxe6 8. d3 Na5 9. Bb5+ Bd7 10. Bxd7+ Qxd7 11. 0-0 Nac6 12. Ne2 Nd4 13. Rb1 Nec6 14. Be3 Nxe2+ 15. Qxe2 Nd4 16. Qf2 Nxf3+ 17. Qxf3 Bd4 18. Kh1 Bxe3 19. Qxe3 Qe7 20. Qh6 Qf8 21. Qg5 Qe7 22. Rf6 Rd8 23. Rbf1 Rd7 24. Qh6 c4 25. dxc4 Qxf6 0-1

[Event "Albacete op 17th"]
[Site "Albacete"]
[Date "2009.09.01"]
[Round "1"]
[White "Diaz Illescas, Juan Carlos"]
[Black "Suba, Mihai"]
[Result "0-1"]
[WhiteElo "1947"]
[BlackElo "2501"]
[PlyCount "42"]
[EventDate "2009.09.01"]
[EventType "swiss"]
[EventRounds "9"]
[EventCountry "ESP"]
[SourceTitle "CBM 132 Extra"]
[Source "ChessBase"]
[SourceDate "2009.11.03"]
[SourceVersion "1"]
[SourceVersionDate "2009.11.03"]
[SourceQuality "1"]

1. e4 c5 2. f4 d5 3. exd5 a6 4. Nf3 Nf6 5. Nc3 Nxd5 6. Nxd5 Qxd5 7. Ne5 e6 8. Qf3 Qxf3 9. Nxf3 Bd6 10. d3 Nc6 11. Bd2 b6 12. Be2 Bb7 13. 0-0 h6 14. a3 f5 15. Bc3 Rg8 16. Ne5 Bxe5 17. Bxe5 Nxe5 18. fxe5 Ke7 19. b4 Rac8 20. c4 Rgd8 21. Rab1 Ba8 0-1

[Event "Calpe op"]
[Site "Calpe"]
[Date "2004.11.24"]
[Round "4"]
[White "Mas Artigas, Pere"]
[Black "Diaz Illescas, Juan Carlos"]
[Result "1/2-1/2"]
[WhiteElo "1991"]
[BlackElo "1949"]
[PlyCount "104"]
[EventDate "2004.11.21"]
[EventType "swiss"]
[EventRounds "9"]
[EventCountry "ESP"]
[SourceTitle "CBM 103 Extra"]
[Source "ChessBase"]
[SourceDate "2005.01.01"]
[SourceVersion "1"]
[SourceVersionDate "2005.01.01"]
[SourceQuality "1"]

1. d4 Nf6 2. g3 g6 3. Bg2 Bg7 4. e4 d6 5. Ne2 c6 6. 0-0 0-0 7. c4 Na6 8. Nbc3 Nc7 9. f4 e5 10. dxe5 dxe5 11. Qxd8 Rxd8 12. f5 h6 13. fxg6 fxg6 14. Bxh6 Bxh6 15. Rxf6 Kg7 16. Rff1 Ne6 17. Bh3 Nd4 18. Bxc8 Raxc8 19. Rad1 Rc7 20. Nxd4 exd4 21. Rf3 Be3+ 22. Rxe3 Rcd7 23. Red3 Kf6 24. b4 dxc3 25. Rf1+ Ke5 26. Rxc3 Rd4 27. Rf7 R8d7 28. Rxd7 Rxd7 29. Kf1 Rd2 30. Ra3 a6 31. Kg1 Kxe4 32. b5 axb5 33. cxb5 cxb5 34. Rb3 Rxa2 35. Rxb5 Kf3 36. Rb3+ Kg4 37. Rb4+ Kf3 38. Rf4+ Ke3 39. h4 g5 40. hxg5 Ra5 41. g6 Rg5 42. Rf6 Rxg3+ 43. Kh2 Rg5 44. Kh3 b5 45. Kh4 Rg2 46. Kh5 Kd4 47. Rf4+ Ke5 48. Rf1 Kd4 49. Kh6 b4 50. Rf5 b3 51. g7 b2 52. Rb5 Kc3 1/2-1/2